|
|
|
|
| LEADER |
00000nam0a2200000 4500 |
| 001 |
67644 |
| 005 |
20231031073729.0 |
| 035 |
|
|
|a (RuTPU)RU\TPU\book\72026
|
| 090 |
|
|
|a 67644
|
| 100 |
|
|
|a 20040918d1980 m y0rusy50 ca
|
| 101 |
0 |
|
|a rus
|
| 102 |
|
|
|a RU
|
| 105 |
|
|
|a a j 001zy
|
| 200 |
1 |
|
|a Гидроэлектрические станции
|e учебник
|f Под ред. Ф.Ф. Губина; Г. И. Кривченко
|
| 210 |
|
|
|a Москва
|c Энергия
|d 1980
|
| 215 |
|
|
|a 367 с.
|c ил.
|
| 320 |
|
|
|a Библиогр.: с. 360-361
|
| 320 |
|
|
|a Библиогр.: с. 362-364
|
| 610 |
1 |
|
|a гидроэлектростанции
|
| 610 |
1 |
|
|a гидравлическая энергия
|
| 610 |
1 |
|
|a использование
|
| 610 |
1 |
|
|a водные ресурсы
|
| 610 |
1 |
|
|a сооружения
|
| 610 |
1 |
|
|a расчеты
|
| 610 |
1 |
|
|a параметры
|
| 610 |
1 |
|
|a оборудование
|
| 610 |
1 |
|
|a гидротурбины
|
| 610 |
1 |
|
|a гидрогенераторы
|
| 610 |
1 |
|
|a вспомогательное оборудование
|
| 610 |
1 |
|
|a здания
|
| 610 |
1 |
|
|a конструкции
|
| 610 |
1 |
|
|a водоприемники
|
| 610 |
1 |
|
|a отстойники
|
| 610 |
1 |
|
|a деривационные водоводы
|
| 610 |
1 |
|
|a проектирование
|
| 610 |
1 |
|
|a эксплуатация
|
| 610 |
1 |
|
|a учебники
|
| 675 |
|
|
|a 621.311.21(075.8)
|v 3
|
| 702 |
|
1 |
|a Губин
|b Ф.Ф.
|g Фёдор Фёдорович
|4 340
|
| 702 |
|
1 |
|a Кривченко
|b Г. И.
|g Григорий Израилевич
|4 340
|
| 801 |
|
1 |
|a RU
|b 63413507
|c 20040918
|g PSBO
|
| 801 |
|
2 |
|a RU
|b 63413507
|c 20200714
|g PSBO
|
| 942 |
|
|
|c BK
|